header

The emergence of Black English (Record no. 217375)

MARC details
000 -LEADER
fixed length control field 01807nam a2200457 a 4500
082 04 - DEWEY DECIMAL CLASSIFICATION NUMBER
Classification number 427/.97308996073
245 04 - TITLE STATEMENT
Title The emergence of Black English
260 ## - PUBLICATION, DISTRIBUTION, ETC. (IMPRINT)
Place of publication Amsterdam ;
-- Philadelphia :
Name of publisher J. Benjamins Pub. Co.,
Year of publication 1991.
300 ## - PHYSICAL DESCRIPTION
Number of Pages x, 352 p. :
Other physical details ill.
490 1# - SERIES STATEMENT
Series statement Creole language library,
650 #0 - SUBJECT ADDED ENTRY--TOPICAL TERM
Topical Term Black English
Topical Term English language
Topical Term Creole dialects, English
Topical Term Slaves
Topical Term African Americans
Topical Term Black English
Topical Term Americanisms.
700 1# - ADDED ENTRY--PERSONAL NAME
Personal name Bailey, Guy,
Personal name Maynor, Natalie.
Personal name Cukor-Avila, Patricia.
856 40 - ELECTRONIC LOCATION AND ACCESS
Uniform Resource Identifier http://site.ebrary.com/lib/rucke/Doc?id=10509509

No items available.

© 2026 Rongo University
Contact us: librarian | system librarian | Rongo university